| 000 | 00708nam a2200205 i 4500 | ||
|---|---|---|---|
| 001 | bg | ||
| 100 | 1 | _aGRANDEK, Karol | |
| 245 | 0 |
_aĆwiczenia laboratoryjne z metod obliczeniowych i modelowania / _cKarol Grandek, Tomasz Stefański. |
|
| 260 |
_aOpole : _bDział Wydawnictw WSI, _c1984. |
||
| 300 |
_a300 s. : _brys., wykr. ; _c24 cm. |
||
| 490 | 1 |
_aSkrypt Uczelniany / Wyższa Szkoła Inżynierska w Opolu ; _vnr 92 |
|
| 504 | _aBibliogr. s. 299-300. | ||
| 700 | 1 | _aSTEFAŃSKI, Tomasz | |
| 830 | 0 |
_aSkrypt Uczelniany (Wyższa Szkoła Inżynierska w Opolu) ; _vnr 92 |
|
| 040 | _cBPK | ||
| 041 | _apol | ||
| 080 | _a62:681.322.06(075.8)(076) | ||
| 942 | _cKS | ||
| 008 | s pl f |000 0 pol | ||
| 999 |
_c2730 _d2730 |
||
| 856 |
_uhttp://koha.tu.koszalin.pl/cgi-bin/koha/opac-detail.pl?biblionumber=2730 _yKatalog online BPK |
||